Statystyki dla Postacie Historyczne... nietypowo opisane

Kliknij tutaj aby rozwiązać quiz!

Ogólne statystyki

  • Ten quiz został rozwiązany 1 484 razy
  • Średni wynik to 19 z 31

Statystyki odpowiedzi

OpisPostać% Poprawnych
Pisał o Litwie - ojczyźnie swojejAdam Mickiewicz
91%
Był Rosjaninem... Gruzinem... Osetyjczykiem... dyktator ZSRRJózef Stalin
91%
Astronom z Torunia (podobno była kobietą)Mikołaj Kopernik
90%
Francuz, knypek, poszedł na Rosję ,ale było zimnoNapoleon
88%
Austriacki malarz akwarelista z krótkim wąsemAdolf Hitler
87%
Angielski fizyk, jabłko spadło mu na głowęIsaac Newton
83%
Kiedy przekraczał rzekę, rzucał kośćmi. Działo to się w RzymieJuliusz Cezar
82%
Król Polski, walczył z Turkami, trzeci tego imienia, lubił zwierzęta (miał niedźwiedzia, kazuara, łasice)Jan III Sobieski
79%
Był rudy, lubił tragedie, podobno spalił RzymNeron
78%
Zrobił rewolucje październikową w listopadzie.Włodzimierz Lenin
78%
"Ole, Olek wygraj, na prezydenta tylko ty!"Aleksander Kwaśniewski
76%
Kronikarz, pochodził chyba z Francji, nie podpisywał sięGall Anonim
76%
Polski marszałek, sprał Ruskich, Żeromski widział go bez spodni (nie tak jak myślisz)Józef Piłsudski
73%
Hetman Polski. Jest o nim mowa w hymnie (nie chodzi Ojca, który "mówił do swej Basi zapłakany")Stefan Czarniecki
73%
Polski i amerykański bohater, spał z innym chłopem, bo było im zimno. Mówi się ,że był ciachem (inni bestią)Tadeusz Kościuszko
69%
Domniemany prorok. Owinął caryce i cara wokół palca. "Russia's greatest love machine"Grigorij Rasputin
67%
Polski noblista, kochał Marysie (nie jedną)Henryk Sienkiewicz
66%
Król, litewski niedźwiedź (nie chodzi o Misia Wojtka)Władysław Jagiełło
60%
Feldmarszałek Rzeszy. Jeździł czołgiem po pustyniErwin Rommel
58%
Polski dowódca, lubi maszerowaćJan Henryk Dąbrowski
55%
Caryca Rosji, na mieście mówi się ,że sypiała z koniemKatarzyna Wielka
53%
Król Księżyc, a nie SłońceLudwik XIV
53%
Zabił Narutowicza... kto to był? Podpowiem... Nie-wiadomoEligiusz Niewiadomski
41%
Król Szwecji. Przyjechał do Polski popływać, znaczy zrobił potopKarol Gustaw
41%
Miał konia Bucefała (nie od Bucefała - tak miał na imię koń)Aleksander Wielki
40%
Car (potem cesarz) Rosji, marynarz, żołnierz, dentysta, stolarzPiotr Wielki
37%
Sułtan Osmański, postrach Europy... większość Polaków zna go z tego ,że występuje w "Wspaniałym Stuleciu"Sulejman Wspaniały
35%
Podpisał pokój z Niemcami, a potem strzelił FochaFerdinand Foch
29%
Nie ma chleba we Francji! "Niech jedzą ciasta"Maria Antonina
29%
Ponoć ściął drzewo ,żeby pokazać ,że nie kłamie. Prezydent USAGeorge Washington
26%
Był regentem w królestwie bez króla, był admirałem w państwie bez flotyMiklós Horthy
9%

Rozkład punktacji

Percentyl według liczby udzielonych odpowiedzi

Procent ludzi z każdym wynikiem

Twoja historia wyników

Nie rozwiązałeś tego quizu